| Поле | Название | Значение |
| |
Тип записи |
a |
| |
Библиографический уровень |
m |
| 001 |
Контрольный номер |
UONB/MAIN/6e9b7f0d357d4b6d838b5fc090fc373c |
| 005 |
Дата корректировки |
20250520124616.1 |
| 010 |
Индекс ISBN |
__ |
| d |
Цена |
1 р. 25 к. |
| b |
Уточнения |
в пер. |
| 100 |
Данные общей обработки |
__ |
| a |
Данные общей обработки |
20221118d1967 u y0rusy0189 ca |
| 101 |
Язык документа |
1_ |
| a |
Язык текста |
rus |
| c |
Язык оригинала |
cze |
| 102 |
Страна публикации |
__ |
| a |
Страна публикации |
RU |
| 105 |
Кодированные данные (монография) |
__ |
| a |
Кодированные данные (монография) |
a z 001yy |
| 200 |
Заглавие и сведения об ответственности |
1_ |
| a |
Заглавие |
Теория литейных процессов |
| f |
Первые сведения об ответственности |
Й. Пржибыл |
| g |
Последующие сведения об ответственности |
пер. с чеш. Я.Г. Полякова |
| g |
Последующие сведения об ответственности |
под ред. [и предисл.] С.Я. Головина |
| e |
Сведения, относящиеся к заглавию |
основные вопросы теории и примеры приложений |
| 210 |
Выходные данные |
1_ |
| a |
Место издания |
Москва |
| c |
Издательство |
Мир |
| d |
Дата издания |
1967 |
| 215 |
Физическое описание |
__ |
| a |
Объем |
328 см. |
| c |
Иллюстрации/тип воспроизводства |
ил. |
| d |
Формат |
21 см |
| 320 |
Библиография |
__ |
| a |
Библиография |
Библиогр.: с. 323-325 |
| 606 |
Тематические рубрики |
0_ |
| a |
Основная рубрика |
Литье |
| 610 |
Ключевые слова |
0_ |
| a |
Ключевые слова |
литье; теория литейных процессов |
| 675 |
Индекс УДК |
__ |
| a |
Индекс УДК |
6П4.1 |
| 686 |
Индексы других классификаций |
__ |
| a |
Классификационный индекс |
34 |
| 2 |
Код системы |
rubbk |
| 700 |
Автор |
_1 |
| a |
Фамилия |
Пржибыл |
| b |
Имя (инициалы) |
Й. |
| g |
Полное личное имя |
Йозеф |
| 702 |
Вторичная интеллектуальная ответственность |
_1 |
| a |
Фамилия |
Поляков |
| b |
Имя (инициалы) |
Я.Г. |
| 4 |
Код отношения |
730 |
| 702 |
Вторичная интеллектуальная ответственность |
_1 |
| a |
Фамилия |
Головин |
| b |
Имя (инициалы) |
С.Я. |
| 4 |
Код отношения |
340 |
| 4 |
Код отношения |
080 |
| 801 |
Источник записи |
_0 |
| a |
Страна |
RU |
| b |
Организация |
Ульяновская ОНБ |
| c |
Дата составления |
20221118 |
| g |
Правила каталогизации |
RCR |
| 801 |
Источник записи |
_1 |
| a |
Страна |
RU |
| b |
Организация |
Ульяновская ОНБ |
| c |
Дата составления |
20221118 |
| g |
Правила каталогизации |
RCR |
| 901 |
Тип документа |
__ |
| t |
Тип документа |
m |
| 909 |
Создатель записи |
__ |
| a |
Создатель записи |
Полина |
| b |
Дата создания записи |
20221118 |